Šariš ; Horný Zemplín podrobná cykloturistická mapa

Bibliographic Details
Main Authors: Hlatký, Juraj (Author), Kožlej, Miroslav (Author), Lendacký, Jozef (Author), Sejková, Apolónia (Author)
Corporate Author: Vojenský kartografický ústav (Harmanec, Slovensko) (Author)
Other Authors: Reschenhofer, H. (Translator), Juchniewicz, R. (Translator)
Format: Book
Language:Slovak
PhysicalDescription:1 mapa v prebale fareb. 78x115 cm 1 text. príl. (44 s.)
Published: Harmanec Vojenský kartografický ústav 2002
ISBN:8080422672
Edition:2. vyd.
Series:Edícia cykloturistických máp
Subjects:

MARC

LEADER 00000nam a2200000 a 4500
001 vtls001451033
003 SK-MaSNL
005 20260301182939.0
008 251113sm y0 xo 0 slo
015 |a SNBC2003/02-01297 
020 |a 8080422672 
035 |a SNK000406328 
040 |a SNK  |b slo  |c SNK  |e AACR2 
044 |a xo  |c SK 
072 7 |a 913(4)  |x Geografia Európy, reálie, cestovanie  |2 konspekt 
080 |a 796.61  |2 1981 
080 |a 908(437.67)  |2 1981 
080 |a (036)  |2 1981 
080 |a 908(437.6):796.5/.6(084.33)=00  |2 1981 
080 |a 796.5/.6  |2 1981 
110 2 |a Vojenský kartografický ústav (Harmanec, Slovensko)  |4 aut  |9 32777 
245 1 0 |a Šariš ; Horný Zemplín  |h kartografický dokument  |b podrobná cykloturistická mapa  |c spracoval Vojenský kartografický ústav, Harmanec ; autori trás a textov: Juraj Hlatký ... [et al.] ; preklad: H. Reschenhofer, R. Juchniewicz 
250 |a 2. vyd. 
255 |a Mierka 1:100 000 
260 |a Harmanec  |b Vojenský kartografický ústav  |c 2002 
300 |a 1 mapa v prebale  |b fareb.  |c 78x115 cm  |e 1 text. príl. (44 s.) 
490 1 |a Edícia cykloturistických máp  |v 4 
500 |a Súbežný text nem., angl. a poľ. 
500 |a Obsahuje inform., vysvetl., graf. mierku, zn. Red. uzávierka 15.4.2002 
650 0 7 |a cykloturistika  |2 SNK  |9 3264 
651 7 |a Šariš (Slovensko : región)  |2 SNKPHgeo  |9 87465 
651 7 |a Horný Zemplín (Slovensko : región)  |2 SNKPHgeo  |9 51660 
655 7 |a cykloturistické mapy  |2 SNKPH  |9 70791 
700 1 |a Hlatký, Juraj  |4 aut  |9 8780 
700 1 |a Kožlej, Miroslav  |4 aut  |9 290699 
700 1 |a Lendacký, Jozef  |4 aut  |9 557542 
700 1 |a Sejková, Apolónia  |4 aut  |9 350881 
700 1 |a Reschenhofer, H.  |4 trl  |9 46509 
700 1 |a Juchniewicz, R.  |4 trl  |9 300589 
830 0 |a Edícia cykloturistických máp  |9 289214 
919 |a 80-8042-267-2 
999 |c 855301  |d 857231 
952 |t P60, <03>, [BOOK], {603}  |a SNK  |b SNK  |y PREZ  |7 0  |p 17A0378536  |o snkSLCm 2274  |i snkKSP 4715/2003  |z príloha  |0 0  |1 0  |4 0  |d 2003-03-14  |l 0  |r 2005-01-02 00:00:00  |w 2026-02-24 
952 |t P60, <03>, [BOOK], {603}  |a SNK  |b SNK  |y PREZ  |7 0  |p 17A0378537  |o snkSLCm 2274/príl.  |i snkKSP 4715/2003  |z príloha  |0 0  |1 0  |4 0  |d 2003-03-14  |l 0  |r 2005-01-02 00:00:00  |w 2026-02-24 
952 |t P60, <04>, [BOOK], {604}  |a SNK  |b SNK  |y VYP  |7 0  |p 17A0378538  |o snkSLCm 2277 D1  |i snkKSP 4716/2003  |0 0  |1 0  |4 0  |d 2003-03-14  |l 0  |r 2005-01-02 00:00:00  |w 2026-02-24 
952 |t P60, <04>, [BOOK], {604}  |a SNK  |b SNK  |y VYP  |7 0  |p 17A0378539  |o snkSLCm 2277/príl. D1  |i snkKSP 4716/2003  |z príloha  |0 0  |1 0  |4 0  |d 2003-03-14  |l 0  |r 2005-01-02 00:00:00  |w 2026-02-24